[Event "Rated Blitz game"]
[Site "?"]
[Date "2021.01.04"]
[Round "?"]
[White "sharkayz"]
[Black "Dzon_Vejn"]
[Result "0-1"]
[WhiteElo "2309"]
[BlackElo "2403"]
[PlyCount "102"]
[EventDate "2021.??.??"]
[EventType "blitz"]

1. e4 e5 2. Nf3 d5 3. exd5 e4 4. Qe2 Nf6 5. Nc3 Be7 6. Nxe4 O-O 7. d3 Nxd5 8.
Be3 Re8 9. O-O-O f5 10. Ne5 Bf8 11. Bg5 Be7 12. Qh5 fxe4 13. Qf7+ Kh8 14. dxe4
Bxg5+ 15. Kb1 Nc3+ 16. bxc3 Qxd1+ 17. Kb2 Qc1+ 18. Kb3 Be6+ 19. Bc4 Bxf7 20.
Nxf7+ Kg8 21. Nxg5+ Kf8 22. Rxc1 h6 23. Ne6+ Rxe6 24. Bxe6 Nc6 25. Bd5 Na5+ 26.
Kb4 c6 27. Kxa5 b6+ 28. Kb4 cxd5 29. exd5 Ke7 30. c4 Kd7 31. Re1 a5+ 32. Kb5
Rc8 33. Kxb6 Rxc4 34. Re2 Rb4+ 35. Kxa5 Rd4 36. a4 Rxd5+ 37. Kb4 Rd6 38. Kc3
Rc6+ 39. Kb2 Rd6 40. Kc1 Re6 41. Rd2+ Kc7 42. Rd3 Re5 43. Kd2 Ra5 44. Re3 Kc6
45. Ke2 Kc5 46. Kf3 Kd5 47. Re4 Kd6 48. Kf4 Kd7 49. Re3 Kd8 50. Kf3 Rxa4 51.
Ke2 Ra3 {Time forfeit} 0-1

[Event "Rated Blitz game"]
[Site "?"]
[Date "2021.01.04"]
[Round "?"]
[White "Smetanov_N"]
[Black "drdumbo"]
[Result "1-0"]
[WhiteElo "2354"]
[BlackElo "2470"]
[PlyCount "103"]
[EventDate "2021.??.??"]
[EventType "blitz"]

1. e4 e5 2. Nf3 d5 3. exd5 Bd6 4. Nc3 Nf6 5. d4 e4 6. Ne5 Nbd7 7. Bf4 Qe7 8.
Nxd7 Bxf4 9. Nxf6+ Qxf6 10. Nxe4 Qe7 11. Qf3 Bf5 12. Bd3 Bxe4 13. Qxe4 Qxe4+
14. Bxe4 O-O-O 15. O-O g6 16. g3 Bg5 17. Rfe1 h5 18. h4 Bf6 19. c3 g5 20. hxg5
Bxg5 21. Kg2 Rdg8 22. Rh1 Kd8 23. Rh3 h4 24. Rah1 Bf6 25. Kf3 hxg3 26. Rxh8
Bxh8 27. fxg3 Bf6 28. Rh7 Ke7 29. Bf5 b5 30. Be6 Bg7 31. Bf5 a5 32. g4 b4 33.
Ke4 Kf6 34. c4 Re8+ 35. Kd3 a4 36. Rh2 Kg5 37. c5 Kf4 38. Rf2+ Kg3 39. Rf1 b3
40. axb3 axb3 41. Kc3 Re3+ 42. Kc4 Kg2 43. Rd1 Kf2 44. Rd2+ Ke1 45. Rd3 Re2 46.
Rxb3 Rd2 47. Bd3 Bh6 48. d6 cxd6 49. c6 Bf4 50. Kd5 Rd1 51. c7 Rc1 52. Rc3 {
Normal} 1-0

[Event "Rated Blitz game"]
[Site "?"]
[Date "2021.01.04"]
[Round "?"]
[White "arenal"]
[Black "drdumbo"]
[Result "1-0"]
[WhiteElo "2359"]
[BlackElo "2476"]
[PlyCount "121"]
[EventDate "2021.??.??"]
[EventType "blitz"]

1. e4 e5 2. Nf3 d5 3. Nxe5 Bd6 4. d4 dxe4 5. Bc4 Bxe5 6. dxe5 Qxd1+ 7. Kxd1 Nc6
8. Bf4 Nge7 9. e6 Bxe6 10. Bxe6 fxe6 11. Bxc7 Nd5 12. Bg3 h5 13. h4 Nd4 14. Nc3
Rc8 15. Re1 Nxc3+ 16. bxc3 Nb5 17. Re3 O-O 18. a4 Nxc3+ 19. Ke1 Rf5 20. Ra3
Rfc5 21. Bd6 Rc4 22. Be5 Nd5 23. Rg3 e3 24. fxe3 Re4 25. Bxg7 Rxc2 26. Bd4+ Kf8
27. Bxa7 Rxh4 28. Kd1 Rb2 29. Kc1 Rf2 30. Rf3+ Rxf3 31. gxf3 Rh1+ 32. Kd2 h4
33. e4 Nf4 34. Ke3 e5 35. Bb8 Re1+ 36. Kf2 Re2+ 37. Kg1 Ng6 38. Rc3 h3 39. Rc8+
Kf7 40. Rc7+ Kf6 41. Rxb7 Nh4 42. Rb6+ Kg5 43. Bxe5 Nxf3+ 44. Kf1 h2 45. Bxh2
Rxh2 46. a5 Kf4 47. a6 Ke3 48. Rb3+ Kxe4 49. Ra3 Kf4 50. a7 Kg3 51. Rxf3+ Kxf3
52. a8=Q+ Kg3 53. Qg8+ Kf3 54. Qf7+ Kg3 55. Qg6+ Kf3 56. Qf5+ Kg3 57. Qe5+ Kh3
58. Qg5 Ra2 59. Qh5+ Kg3 60. Qg6+ Kh3 61. Qh7+ {Normal} 1-0

[Event "Rated Blitz game"]
[Site "?"]
[Date "2021.01.04"]
[Round "?"]
[White "Zhyshko"]
[Black "drdumbo"]
[Result "0-1"]
[WhiteElo "2375"]
[BlackElo "2478"]
[PlyCount "148"]
[EventDate "2021.??.??"]
[EventType "blitz"]

1. e4 e5 2. Nf3 d5 3. exd5 Bd6 4. Nc3 Nf6 5. d3 h6 6. g3 O-O 7. Bg2 Nbd7 8. O-O
a6 9. Ne4 Nxd5 10. Nxd6 cxd6 11. Nxe5 Nxe5 12. Bxd5 Bg4 13. f3 Bh3 14. Rf2 Qb6
15. d4 Nc6 16. c3 Ne7 17. Bc4 Rac8 18. Bf1 Bxf1 19. Qxf1 Nf5 20. Qh3 Qb5 21. g4
Ne7 22. Bf4 Qd5 23. a3 Ng6 24. Bd2 f5 25. g5 hxg5 26. Bxg5 Rce8 27. Qh5 Re6 28.
h4 Rfe8 29. Raf1 Kf7 30. f4 Rh8 31. Qf3 Qxf3 32. Rxf3 Nxh4 33. Rh3 Ng6 34. Rxh8
Nxh8 35. Kf2 Ng6 36. Rh1 Re4 37. Kf3 Nf8 38. Rh8 Re1 39. Rh2 Ne6 40. Rg2 Rb1
41. Bh4 b5 42. Re2 Rf1+ 43. Bf2 g5 44. fxg5 Nxg5+ 45. Kg2 Rb1 46. Bg3 Ne4 47.
Bf4 Ke6 48. Bh2 Kd5 49. Kf3 Rf1+ 50. Kg2 Rd1 51. Kf3 Kc4 52. Kf4 Rf1+ 53. Ke3
d5 54. Be5 Kb3 55. Rh2 Rb1 56. Rh6 Rxb2 57. Rxa6 Nxc3 58. Rb6 Kc4 59. Rc6+ Kb3
60. Rc5 Ra2 61. Bd6 Rg2 62. Kf4 Rf2+ 63. Ke5 f4 64. Rc7 f3 65. Bb4 Ne4 66. Kxd5
Re2 67. Rf7 f2 68. Kc6 Ng3 69. Rxf2 Rxf2 70. d5 Ne4 71. d6 Rf6 72. Kc7 Nxd6 73.
Bxd6 Rxd6 74. Kxd6 Kxa3 {Normal} 0-1

[Event "Rated Blitz game"]
[Site "?"]
[Date "2021.01.04"]
[Round "?"]
[White "Mangusty"]
[Black "percakupa"]
[Result "0-1"]
[WhiteElo "2439"]
[BlackElo "2337"]
[PlyCount "60"]
[EventDate "2021.??.??"]
[EventType "blitz"]

1. e4 e5 2. Nf3 d5 3. exd5 e4 4. Qe2 Nf6 5. Nc3 Bb4 6. Nxe4 O-O 7. Nxf6+ Qxf6
8. c3 Bc5 9. d4 Bd6 10. Ne5 Bf5 11. f4 Nd7 12. Qf3 Qh6 13. Bd3 Bxd3 14. Qxd3
Rfe8 15. O-O Nf6 16. c4 c5 17. dxc5 Bxc5+ 18. Be3 Rxe5 19. Bxc5 Ng4 20. h3 Rh5
21. Rae1 Nf6 22. Re5 b6 23. Bd4 Rc8 24. b3 Rh4 25. Be3 Nh5 26. f5 Qd6 27. Re4
Rxe4 28. Qxe4 Ng3 29. Bf4 Nxe4 30. Bxd6 Nxd6 {Normal} 0-1

[Event "Rated Blitz tournament JWjxIGb4"]
[Site "?"]
[Date "2021.01.04"]
[Round "?"]
[White "Lioni26"]
[Black "Jlgg50972"]
[Result "0-1"]
[WhiteElo "2512"]
[BlackElo "2381"]
[PlyCount "76"]
[EventDate "2021.??.??"]
[EventType "blitz"]

1. e4 e5 2. Nf3 d5 3. exd5 e4 4. Ne5 Qxd5 5. d4 exd3 6. Nxd3 Nf6 7. Nc3 Qf5 8.
Bf4 Bd6 9. Bxd6 cxd6 10. Qd2 Nc6 11. O-O-O Be6 12. Nf4 O-O-O 13. f3 Qa5 14. Kb1
d5 15. Nb5 Qb6 16. Nd4 Rhe8 17. Nxc6 bxc6 18. g4 h6 19. h4 Kb7 20. g5 Nd7 21.
Nxe6 Rxe6 22. Bh3 Rd6 23. Bxd7 R8xd7 24. Qf4 c5 25. Rhg1 d4 26. gxh6 gxh6 27.
Rg8 c4 28. Qe4+ Qc6 29. Qe8 Kb6 30. Rf8 Qxf3 31. Qb8+ Qb7 32. Qe8 c3 33. Qe2
Kc7 34. b3 Qb4 35. Ka1 Re6 36. Qd3 Qxf8 37. Qc4+ Rc6 38. Qa4 Qc5 {Normal} 0-1

[Event "Rated Blitz game"]
[Site "?"]
[Date "2021.01.04"]
[Round "?"]
[White "Mohammad20202020"]
[Black "Tamrik2"]
[Result "1-0"]
[WhiteElo "2479"]
[BlackElo "2381"]
[PlyCount "49"]
[EventDate "2021.??.??"]
[EventType "blitz"]

1. e4 e5 2. Nf3 d5 3. Nxe5 dxe4 4. Nc3 Bd6 5. Nc4 Nf6 6. d3 exd3 7. Bxd3 O-O 8.
Nxd6 Qxd6 9. O-O Bg4 10. f3 Be6 11. Kh1 a6 12. Bg5 Nbd7 13. Re1 h6 14. Bh4 Qb4
15. Ne4 Qxb2 16. Rb1 Qxa2 17. Nxf6+ Nxf6 18. Bxf6 gxf6 19. Rb4 Qa5 20. Qd2 Qg5
21. f4 Qg7 22. Rxb7 c5 23. Rxe6 Rab8 24. Rxb8 Rxb8 25. Re1 {Normal} 1-0

[Event "Rated Blitz game"]
[Site "?"]
[Date "2021.01.04"]
[Round "?"]
[White "abel250"]
[Black "Tayota"]
[Result "0-1"]
[WhiteElo "2459"]
[BlackElo "2390"]
[PlyCount "66"]
[EventDate "2021.??.??"]
[EventType "blitz"]

1. e4 e5 2. Nf3 d5 3. exd5 e4 4. Qe2 f5 5. d3 Nf6 6. Nbd2 Be7 7. dxe4 fxe4 8.
Nxe4 Nxe4 9. Qxe4 O-O 10. Bc4 Bb4+ 11. c3 Re8 12. Ne5 Bd6 13. f4 Nd7 14. O-O
Nxe5 15. fxe5 Rxe5 16. Qf3 Bd7 17. Bf4 Rf5 18. Qg3 Rxf4 19. Rxf4 g5 20. Raf1
Kh8 21. Qe3 gxf4 22. Qd4+ Kg8 23. Rxf4 Qg5 24. Rf3 Re8 25. Rg3 Bxg3 26. d6+ Be6
27. d7 Qc1+ 28. Bf1 Bxd7 29. Qxd7 Qe3+ 30. Kh1 Qe1 31. Qg4+ Kh8 32. Qd4+ Be5
33. Qd7 Rf8 {Normal} 0-1

[Event "Rated Blitz game"]
[Site "?"]
[Date "2021.01.04"]
[Round "?"]
[White "CACHS"]
[Black "KamranShirazi"]
[Result "1-0"]
[WhiteElo "2444"]
[BlackElo "2457"]
[PlyCount "89"]
[EventDate "2021.??.??"]
[EventType "blitz"]

1. e4 e5 2. Nf3 d5 3. d3 dxe4 4. dxe4 Qxd1+ 5. Kxd1 Nc6 6. c3 Bg4 7. Be2 O-O-O+
8. Kc2 f5 9. h3 Bh5 10. exf5 e4 11. Ng1 Bf7 12. Nd2 Nge7 13. g4 Bd5 14. f3 e3
15. Nf1 h5 16. Nxe3 Bf7 17. Bd2 Re8 18. Rd1 Nd5 19. Nxd5 Bxd5 20. Bf4 Rd8 21.
Rh2 Bd6 22. Bxd6 Rxd6 23. c4 Nb4+ 24. Kb3 Bxc4+ 25. Kxc4 Rb6 26. a3 Na2 27. b4
Rc6+ 28. Kb3 Nc3 29. Rd3 Nb5 30. f4 hxg4 31. Bxg4 Kb8 32. Nf3 Nd6 33. Ne5 Ra6
34. Nd7+ Ka8 35. Re2 c5 36. Nxc5 Rb6 37. Re6 Nc8 38. Bf3 Rxh3 39. Bxb7+ Rxb7
40. Rxh3 Rf7 41. Rh8 Kb8 42. Ree8 Kc7 43. Rxc8+ Kb6 44. Rb8+ Kc6 45. Kc4 {
Time forfeit} 1-0

[Event "Rated Blitz game"]
[Site "?"]
[Date "2021.01.04"]
[Round "?"]
[White "Dr_Bledow"]
[Black "KerimAliev"]
[Result "1-0"]
[WhiteElo "2504"]
[BlackElo "2367"]
[PlyCount "165"]
[EventDate "2021.??.??"]
[EventType "blitz"]

1. e4 e5 2. Nf3 d5 3. exd5 e4 4. Qe2 f5 5. d3 Nf6 6. dxe4 fxe4 7. Bg5 Be7 8.
Bxf6 Bxf6 9. Qxe4+ Kf7 10. Qf4 Re8+ 11. Be2 Kg8 12. Nc3 Nd7 13. d6 cxd6 14. O-O
Bxc3 15. bxc3 Rxe2 16. Qc4+ d5 17. Qxe2 Nf6 18. Rfe1 Bg4 19. h3 Bh5 20. Qe6+
Bf7 21. Qe7 Qc8 22. Ng5 Bg6 23. Rab1 b6 24. Qe6+ Qxe6 25. Nxe6 Rc8 26. Nf4 Bxc2
27. Rbc1 Be4 28. f3 Bf5 29. Red1 Rc5 30. Rd4 g5 31. Nd3 Ra5 32. Nb4 Be6 33. Re1
Kf7 34. Re5 h6 35. c4 dxc4 36. Rxa5 bxa5 37. Nc6 c3 38. Rd3 Bxa2 39. Rxc3 a4
40. Nxa7 Bb3 41. Nb5 Nd5 42. Rc6 h5 43. Ra6 g4 44. fxg4 hxg4 45. hxg4 Ne3 46.
g5 Nc4 47. Kf2 Kg7 48. Kg3 Ne3 49. Nc3 Nf5+ 50. Kf4 Nh4 51. Nxa4 Nxg2+ 52. Kg3
Ne3 53. Nc5 Bd5 54. Rb6 Nf5+ 55. Kf4 Nd4 56. Ke5 Nf3+ 57. Kxd5 Nxg5 58. Ke5
Nf7+ 59. Kf5 Nh6+ 60. Kg5 Nf7+ 61. Kh5 Ne5 62. Re6 Nf3 63. Ne4 Nd4 64. Ra6 Kf7
65. Kg5 Ke7 66. Kf4 Ne2+ 67. Ke5 Kf7 68. Ra2 Ng1 69. Rg2 Nf3+ 70. Kd5 Nh4 71.
Rg4 Ng6 72. Nd6+ Kf6 73. Ne4+ Kf5 74. Rg5+ Kf4 75. Rxg6 Ke3 76. Rf6 Ke2 77. Kd4
Ke1 78. Rf3 Ke2 79. Re3+ Kf1 80. Kd3 Kg2 81. Ke2 Kh2 82. Rf3 Kg2 83. Ng5 {
Time forfeit} 1-0

[Event "Rated Blitz tournament V43Gv1Py"]
[Site "?"]
[Date "2021.01.04"]
[Round "?"]
[White "LANATER2020"]
[Black "Akmamedov_Mergen"]
[Result "1/2-1/2"]
[WhiteElo "2411"]
[BlackElo "2206"]
[PlyCount "165"]
[EventDate "2021.??.??"]
[EventType "blitz"]

1. e4 e5 2. Nf3 d5 3. d3 dxe4 4. Nxe5 Bd6 5. Nc4 exd3 6. Bxd3 Nf6 7. Nxd6+ Qxd6
8. O-O O-O 9. Nd2 Nc6 10. Nf3 Bg4 11. h3 Bxf3 12. Qxf3 Ne5 13. Qg3 Nxd3 14.
Qxd6 cxd6 15. cxd3 Rac8 16. Be3 a6 17. Rac1 Nd5 18. Bd2 Rfe8 19. Rxc8 Rxc8 20.
Rc1 Rxc1+ 21. Bxc1 b5 22. Bd2 f5 23. Kf1 Kf7 24. Ke2 Ke6 25. d4 Nf6 26. Kd3 Ne4
27. Be1 d5 28. f3 Nd6 29. b3 g5 30. Bb4 Nf7 31. Bd2 h5 32. Kc3 g4 33. Kb4 gxf3
34. gxf3 Nd8 35. Kc5 Kd7 36. Kxd5 Nc6 37. Kc5 Ne7 38. d5 Nc8 39. Bf4 Ne7 40.
Be5 Ng6 41. Bg3 f4 42. Bh2 Ne5 43. d6 Nxf3 44. Bxf4 Nh4 45. Kb6 Ng6 46. Bg3 Nf8
47. Kxa6 Kc6 48. a4 bxa4 49. bxa4 Nd7 50. a5 Nc5+ 51. Ka7 Ne4 52. Bh2 Nc5 53.
a6 Nd7 54. Ka8 Nb6+ 55. Kb8 Nd7+ 56. Kc8 Nb6+ 57. Kd8 Nd5 58. a7 Kb7 59. d7 Nb6
60. Ke8 Nxd7 61. Kxd7 Kxa7 62. Ke6 Kb7 63. Kf5 Kc6 64. Kg5 Kd7 65. Kxh5 Ke8 66.
Kh6 Kf7 67. Kh7 Kf6 68. h4 Kf5 69. h5 Ke6 70. h6 Kf5 71. Kg7 Kg4 72. h7 Kh3 73.
h8=Q+ Kg2 74. Qh6 Kf3 75. Bd6 Ke4 76. Qe6+ Kd4 77. Kf6 Kd3 78. Qe5 Kd2 79. Qc5
Ke2 80. Qb4 Kf3 81. Ke5 Kf2 82. Qe4 Kf1 83. Bc5 {Normal} 1/2-1/2

[Event "Rated Blitz game"]
[Site "?"]
[Date "2021.01.04"]
[Round "?"]
[White "Kudritsky_Maksim_04"]
[Black "Mettigel"]
[Result "1-0"]
[WhiteElo "2393"]
[BlackElo "2478"]
[PlyCount "30"]
[EventDate "2021.??.??"]
[EventType "blitz"]

1. e4 e5 2. Nf3 d5 3. Nxe5 Bd6 4. d4 dxe4 5. Bf4 Nf6 6. Nc3 O-O 7. Bc4 Nbd7 8.
O-O Qe7 9. Nxd7 Bxd7 10. Qd2 a6 11. Rfe1 Bf5 12. f3 Rae8 13. Bg5 h6 14. Bxf6
Qxf6 15. fxe4 Bc8 {Normal} 1-0

[Event "Rated Blitz game"]
[Site "?"]
[Date "2021.01.04"]
[Round "?"]
[White "Merseysidwizards"]
[Black "geptil"]
[Result "1/2-1/2"]
[WhiteElo "2506"]
[BlackElo "2369"]
[PlyCount "55"]
[EventDate "2021.??.??"]
[EventType "blitz"]

1. e4 e5 2. Nf3 d5 3. exd5 e4 4. Qe2 Nf6 5. d3 Qxd5 6. Nc3 Bb4 7. Bd2 Bxc3 8.
Bxc3 O-O 9. dxe4 Nxe4 10. Bd4 Nc6 11. O-O-O Bf5 12. Qc4 Qa5 13. Bd3 Nxd4 14.
Nxd4 Bg6 15. f4 Nd6 16. Qb3 Bxd3 17. Rxd3 c5 18. Qd5 Qb6 19. Rg3 cxd4 20. Rxg7+
Kxg7 21. Qg5+ Kh8 22. Qf6+ Kg8 23. Qg5+ Kh8 24. Qf6+ Kg8 25. Qg5+ Kh8 26. Qf6+
Kg8 27. Qg5+ Kh8 28. Qf6+ {Normal} 1/2-1/2

[Event "Rated Blitz tournament ztw6h0Iv"]
[Site "?"]
[Date "2021.01.04"]
[Round "?"]
[White "Hitokiri_Battusai"]
[Black "Jlgg50972"]
[Result "0-1"]
[WhiteElo "2293"]
[BlackElo "2401"]
[PlyCount "38"]
[EventDate "2021.??.??"]
[EventType "blitz"]

1. e4 e5 2. Nf3 d5 3. exd5 e4 4. Qe2 Be7 5. Qxe4 Nf6 6. Qc4 O-O 7. Nc3 c6 8.
dxc6 Nxc6 9. Be2 Be6 10. Qd3 Qxd3 11. Bxd3 Nb4 12. a3 Nxd3+ 13. cxd3 Rad8 14.
Ke2 Nh5 15. g3 Rfe8 16. d4 Bg4 17. d3 Bc5+ 18. Be3 Bxd4 19. h3 Nxg3+ {Normal}
0-1

[Event "Rated Blitz game"]
[Site "?"]
[Date "2021.01.04"]
[Round "?"]
[White "Zeligman"]
[Black "Tayota"]
[Result "0-1"]
[WhiteElo "2439"]
[BlackElo "2397"]
[PlyCount "40"]
[EventDate "2021.??.??"]
[EventType "blitz"]

1. e4 e5 2. Nf3 d5 3. exd5 e4 4. Qe2 f5 5. d3 Nf6 6. Nfd2 Be7 7. dxe4 fxe4 8.
Nc3 O-O 9. Ndxe4 Nxe4 10. Nxe4 Bf5 11. Bd2 Qxd5 12. Nc3 Qf7 13. O-O-O Nc6 14.
Be3 Bf6 15. Nd5 Rad8 16. Qb5 a6 17. Nxf6+ Qxf6 18. Bc4+ Kh8 19. Qxb7 Rb8 20.
Bg5 Qxg5+ {Normal} 0-1

[Event "Rated Blitz game"]
[Site "?"]
[Date "2021.01.04"]
[Round "?"]
[White "wizardbar"]
[Black "geptil"]
[Result "0-1"]
[WhiteElo "2468"]
[BlackElo "2333"]
[PlyCount "100"]
[EventDate "2021.??.??"]
[EventType "blitz"]

1. e4 e5 2. Nf3 d5 3. Nxe5 Bd6 4. d4 dxe4 5. Nc4 Nf6 6. Bg5 O-O 7. Nxd6 Qxd6 8.
Be2 Nc6 9. c3 Nd5 10. c4 Nf4 11. Bxf4 Qxf4 12. d5 Ne5 13. Qd2 Qf5 14. Nc3 Re8
15. Nd1 Qg6 16. Ne3 f5 17. g3 c5 18. h4 Nf7 19. O-O-O Nd6 20. h5 Qf6 21. Ng2
Bd7 22. Nf4 a6 23. Qc3 Qxc3+ 24. bxc3 Kf7 25. Kd2 Kf6 26. Rb1 b5 27. a4 Reb8
28. axb5 axb5 29. cxb5 c4 30. b6 Ra2+ 31. Ke3 Ke5 32. Rb4 Ra3 33. Rc1 Bb5 34.
Kd2 Rxb6 35. Rcb1 Ra2+ 36. Ke3 Ra3 37. Kd2 Ra2+ 38. Ke3 Rba6 39. Rxb5 Nxb5 40.
Rxb5 R6a3 41. Nd3+ exd3 42. f4+ Kd6 43. Bf3 Rxc3 44. Rb6+ Kc5 45. Rc6+ Kb4 46.
d6 d2+ 47. Kd4 Rd3+ 48. Ke5 Rxd6 49. Bd1 Rxc6 50. Bc2 Rxc2 {Time forfeit} 0-1

[Event "Rated Blitz tournament V43Gv1Py"]
[Site "?"]
[Date "2021.01.04"]
[Round "?"]
[White "traininggames123"]
[Black "Akmamedov_Mergen"]
[Result "1-0"]
[WhiteElo "2611"]
[BlackElo "2208"]
[PlyCount "133"]
[EventDate "2021.??.??"]
[EventType "blitz"]

1. e4 e5 2. Nf3 d5 3. Nc3 dxe4 4. Nxe4 f5 5. Ng3 e4 6. Ng1 Nf6 7. d3 Bc5 8.
dxe4 Bxf2+ 9. Ke2 Qxd1+ 10. Kxd1 Bxg3 11. hxg3 fxe4 12. Bg5 O-O 13. Bxf6 Rxf6
14. Bc4+ Be6 15. Bxe6+ Rxe6 16. Ne2 Nc6 17. Kc1 Rd8 18. b3 Nd4 19. Nf4 Re7 20.
Kb2 e3 21. Rhe1 Nf5 22. g4 Nd4 23. Rad1 g5 24. Nh5 Kf7 25. c3 Nc6 26. Rxd8 Nxd8
27. Kc2 Ne6 28. Rxe3 Nd4+ 29. Kd3 Rxe3+ 30. Kxe3 Nb5 31. c4 Nc3 32. a3 Nd1+ 33.
Ke2 Nc3+ 34. Kd3 Nd1 35. Ke2 Nc3+ 36. Kf3 Kg6 37. Ng3 Nb1 38. Nf5 Nd2+ 39. Ke3
Nxb3 40. Ne7+ Kf7 41. Nd5 c6 42. Nc3 Nc5 43. Kd4 Ne6+ 44. Ke5 Nf4 45. Ne4 Kg6
46. Nd6 Nxg2 47. Nxb7 Ne3 48. Kd6 Nxc4+ 49. Kxc6 Ne3 50. Nd6 Nxg4 51. a4 h5 52.
a5 h4 53. Ne4 Ne5+ 54. Kb7 Nc4 55. a6 h3 56. Nf2 h2 57. Kxa7 g4 58. Nh1 Kf6 59.
Kb8 Na5 60. Kc7 Nb3 61. a7 Nc5 62. a8=Q Ne6+ 63. Kd6 Kg5 64. Qg8+ Kh4 65. Qxe6
g3 66. Qe1 Kh3 67. Qxg3# {Normal} 1-0

[Event "Rated Blitz game"]
[Site "?"]
[Date "2021.01.04"]
[Round "?"]
[White "BernardKD"]
[Black "drdumbo"]
[Result "0-1"]
[WhiteElo "2285"]
[BlackElo "2467"]
[PlyCount "66"]
[EventDate "2021.??.??"]
[EventType "blitz"]

1. e4 e5 2. Nf3 d5 3. Nxe5 Bd6 4. d4 dxe4 5. Nc4 Nf6 6. Nxd6+ Qxd6 7. Be2 Nc6
8. c3 O-O 9. h3 Nd5 10. O-O f5 11. c4 Nf4 12. d5 Nxe2+ 13. Qxe2 Nd4 14. Qd1 c5
15. dxc6 bxc6 16. c5 Qf6 17. Be3 Ne6 18. Nc3 Ba6 19. Re1 Bd3 20. f4 Rab8 21.
Qd2 Rfd8 22. Qf2 Nd4 23. Bxd4 Rxd4 24. Rac1 Rdb4 25. b3 Rd4 26. Nd1 Rbd8 27.
Ne3 Ba6 28. Rc2 h6 29. g4 fxg4 30. hxg4 Rd3 31. Nf5 Rf3 32. Qh2 Rdd3 33. Rxe4
Qa1+ {Normal} 0-1

[Event "Rated Blitz game"]
[Site "?"]
[Date "2021.01.04"]
[Round "?"]
[White "brainlychess"]
[Black "Tayota"]
[Result "1-0"]
[WhiteElo "2456"]
[BlackElo "2373"]
[PlyCount "63"]
[EventDate "2021.??.??"]
[EventType "blitz"]

1. e4 e5 2. Nf3 d5 3. Nc3 dxe4 4. Nxe4 f5 5. Nc3 e4 6. Qe2 Nf6 7. d3 Bb4 8. Bd2
Bxc3 9. Bxc3 O-O 10. dxe4 Nxe4 11. Qc4+ Kh8 12. Bd4 Nc6 13. O-O-O Qe8 14. Bd3
Be6 15. Qa4 Rc8 16. Bxe4 fxe4 17. Ng5 Bg8 18. Rhe1 Rd8 19. Rxe4 Qg6 20. h4 Nxd4
21. Rexd4 Rxd4 22. Qxd4 h6 23. Nf3 Qxg2 24. Rg1 c5 25. Qe5 Qxg1+ 26. Nxg1 Rxf2
27. Qxc5 Rg2 28. b3 b6 29. Qe3 Bh7 30. Qe8+ Bg8 31. Nf3 Kh7 32. Ng5+ {Normal}
1-0

[Event "Rated Blitz game"]
[Site "?"]
[Date "2021.01.04"]
[Round "?"]
[White "MicFed"]
[Black "percakupa"]
[Result "0-1"]
[WhiteElo "2410"]
[BlackElo "2347"]
[PlyCount "78"]
[EventDate "2021.??.??"]
[EventType "blitz"]

1. e4 e5 2. Nf3 d5 3. exd5 e4 4. Qe2 Nf6 5. Nc3 Bb4 6. Qb5+ Nbd7 7. Qxb4 exf3
8. gxf3 a5 9. Qa3 Nb6 10. d4 Nfxd5 11. Nxd5 Qxd5 12. Bf4 Qxd4 13. Bxc7 Bf5 14.
Rd1 Qf6 15. Bb5+ Nd7 16. Qe3+ Qe7 17. Rd6 Qxe3+ 18. fxe3 Rc8 19. Bxa5 Rxc2 20.
O-O Rxb2 21. a4 Ke7 22. Rfd1 Nf6 23. Bd8+ Kf8 24. Bxf6 gxf6 25. Rxf6 Be6 26.
Rd8+ Kg7 27. Rxh8 Kxh8 28. Rf4 Kg7 29. Rd4 h5 30. Bd7 Bb3 31. a5 Ra2 32. Rb4
Bd5 33. e4 Bc6 34. Bxc6 bxc6 35. Rc4 Rxa5 36. Rxc6 Ra2 37. Rd6 f6 38. Rd5 Kg6
39. Rf5 h4 {Time forfeit} 0-1

[Event "Rated Blitz game"]
[Site "?"]
[Date "2021.01.04"]
[Round "?"]
[White "www68"]
[Black "Blind2250"]
[Result "1-0"]
[WhiteElo "2511"]
[BlackElo "2440"]
[PlyCount "71"]
[EventDate "2021.??.??"]
[EventType "blitz"]

1. e4 e5 2. Nf3 d5 3. Nxe5 Bd6 4. d4 dxe4 5. Nc4 Nf6 6. Be2 O-O 7. Be3 Nc6 8.
Nxd6 Qxd6 9. c4 Bf5 10. Nc3 Rad8 11. d5 Ne5 12. h3 Nd3+ 13. Bxd3 exd3 14. O-O
a6 15. a4 Rfe8 16. Qf3 Bg6 17. c5 Qd7 18. c6 bxc6 19. dxc6 Qe6 20. Bf4 Ne4 21.
Nxe4 Bxe4 22. Qg3 Qxc6 23. Bxc7 Rc8 24. Be5 Bg6 25. Bc3 h5 26. Rad1 Qxa4 27.
Rxd3 h4 28. Qg5 Rc4 29. Rfd1 Rxc3 30. bxc3 Bxd3 31. Rxd3 f6 32. Qd5+ Kh7 33.
Rd4 Qa1+ 34. Kh2 Qxc3 35. Rxh4+ Kg6 36. Qh5# {Normal} 1-0

[Event "Rated Blitz game"]
[Site "?"]
[Date "2021.01.04"]
[Round "?"]
[White "dreamsambitions"]
[Black "Fantastic_power06"]
[Result "0-1"]
[WhiteElo "2610"]
[BlackElo "2580"]
[PlyCount "54"]
[EventDate "2021.??.??"]
[EventType "blitz"]

1. e4 e5 2. Nf3 d5 3. exd5 e4 4. Qe2 Nf6 5. Nc3 Be7 6. Nxe4 O-O 7. d4 Nxe4 8.
Qxe4 Re8 9. Kd1 Nd7 10. Bb5 Nf6 11. Qd3 Bd7 12. Bf4 Nxd5 13. Bg3 Nb4 14. Qc4
Be6 15. Qc3 c6 16. Bc4 Bf5 17. Bd3 Nxd3 18. cxd3 Qd5 19. Re1 Bg4 20. Re4 f5 21.
Re5 Bxf3+ 22. Kc2 Qf7 23. gxf3 f4 24. Bxf4 Qxf4 25. Rae1 Qf7 26. Qc4 Qxc4+ 27.
dxc4 Kf7 {Normal} 0-1

[Event "Rated Blitz tournament ztw6h0Iv"]
[Site "?"]
[Date "2021.01.04"]
[Round "?"]
[White "Masterarc"]
[Black "Jlgg50972"]
[Result "1/2-1/2"]
[WhiteElo "2225"]
[BlackElo "2405"]
[PlyCount "124"]
[EventDate "2021.??.??"]
[EventType "blitz"]

1. e4 e5 2. Nf3 d5 3. Nxe5 Bd6 4. d4 dxe4 5. Nc3 Bxe5 6. dxe5 Qxd1+ 7. Nxd1 Nc6
8. Bf4 Bf5 9. Ne3 Bd7 10. O-O-O O-O-O 11. Bc4 Be6 12. Bxe6+ fxe6 13. c3 Nge7
14. Bg5 Rhf8 15. Rxd8+ Kxd8 16. Rd1+ Ke8 17. Bh4 Nxe5 18. Bg3 Nd3+ 19. Kc2 Nxf2
20. Re1 Nd3 21. Re2 Nf5 22. Bxc7 Nxe3+ 23. Rxe3 Rf2+ 24. Kd1 Nxb2+ 25. Kc1 Nd3+
26. Kb1 Kd7 27. Bg3 Rxg2 28. Rxe4 Rb2+ 29. Ka1 Rc2 30. Rd4+ Kc6 31. Rxd3 b5 32.
Rd6+ Kc5 33. Rxe6 Rxc3 34. Kb2 Rd3 35. Re7 h5 36. Rxg7 h4 37. Bb8 Rd2+ 38. Kb1
a5 39. Rg4 h3 40. Rh4 Rd3 41. Bg3 b4 42. Rxh3 a4 43. Rh4 b3 44. axb3 Rxb3+ 45.
Ka2 Rf3 46. Rf4 Rd3 47. Rxa4 Kd5 48. Kb2 Ke6 49. Kc2 Rf3 50. Rg4 Kf5 51. Rg8
Ra3 52. Kd2 Kf6 53. Ke2 Kf7 54. Rg4 Kf6 55. Kf2 Kf5 56. Rg8 Kf6 57. Kg2 Ra4 58.
h4 Kf7 59. Rg4 Rxg4 60. Kh3 Rxg3+ 61. Kxg3 Kg6 62. Kg4 Kh7 {Normal} 1/2-1/2

[Event "Rated Blitz game"]
[Site "?"]
[Date "2021.01.04"]
[Round "?"]
[White "dreamsambitions"]
[Black "Fantastic_power06"]
[Result "0-1"]
[WhiteElo "2597"]
[BlackElo "2593"]
[PlyCount "52"]
[EventDate "2021.??.??"]
[EventType "blitz"]

1. e4 e5 2. Nf3 d5 3. exd5 e4 4. Qe2 Nf6 5. d3 Qxd5 6. dxe4 Qxe4 7. Nbd2 Qxe2+
8. Bxe2 Bf5 9. Nd4 Bg6 10. N2b3 Nbd7 11. c3 O-O-O 12. Be3 Nd5 13. Bg5 f6 14.
Bd2 Re8 15. c4 Nb4 16. a3 Nd3+ 17. Kf1 Nxb2 18. Bg4 Nxc4 19. Rd1 Bd6 20. Bc3
Re7 21. Nb5 Bc2 22. Nxd6+ Nxd6 23. Nd4 Bxd1 24. Bxd1 Rhe8 25. h4 Ne4 26. Be1
Ng3+ {Normal} 0-1

[Event "Rated Blitz game"]
[Site "?"]
[Date "2021.01.04"]
[Round "?"]
[White "www68"]
[Black "Fantastic_power06"]
[Result "0-1"]
[WhiteElo "2525"]
[BlackElo "2576"]
[PlyCount "84"]
[EventDate "2021.??.??"]
[EventType "blitz"]

1. e4 e5 2. Nf3 d5 3. Nxe5 Bd6 4. d4 dxe4 5. Nc4 Nc6 6. Be2 Nf6 7. Ne3 h5 8. h3
Bf4 9. c3 Be6 10. Na3 Qd7 11. Qa4 a6 12. Bb5 O-O 13. Bxc6 Qxc6 14. Qxc6 bxc6
15. Nec4 Bd6 16. Nxd6 cxd6 17. Bf4 Rfd8 18. Nc2 Nd5 19. Bd2 f5 20. c4 Nb6 21.
b3 d5 22. c5 Nd7 23. Bf4 a5 24. h4 Kf7 25. Kd2 Nf6 26. f3 Bc8 27. a3 Ba6 28. b4
Re8 29. Ne3 Re7 30. Be5 Rb7 31. Nxf5 Ke6 32. Nd6 Rbb8 33. Bxf6 gxf6 34. fxe4
axb4 35. axb4 Rxb4 36. Ke3 dxe4 37. Kxe4 Rb3 38. Kf4 Rg8 39. Rhe1+ Kd5 40. Rxa6
Rxg2 41. Ne4 Rg4+ 42. Kf5 Rf3# {Normal} 0-1